¿La nueva Superintendencia de Defensa Pública y acceso a la justicia favorecerá la institucionalización de la conciliación extrajudicial en el Perú? (Registro nro. 22581)

000 -Cabecera
Campo de control interno 03054nam a2200265 4500
001 - Número de control
control field ESSALUD
005 - Fecha y hora de la última transacción
Campo de control 20260701103053.0
007 - Tipo material - Descripcion fisica - info general
Tipo material - Descripcion fisica - info general ta
008 - Elementos de Longitud Fija - Información General
Elementos de Longitud Fija - Información t pe ||||| |||| 00| 0 spa d
040 ## - Origen de la Catalogación
Origen de la Catalogación BMG
041 ## - Idioma
Idioma spa
100 ## - Autor
Autor Pineda Aubián, F. Martín
Rol del Autor Autor
9 (RLIN) 47594
245 ## - Titulo
Titulo ¿La nueva Superintendencia de Defensa Pública y acceso a la justicia favorecerá la institucionalización de la conciliación extrajudicial en el Perú?
Subtitulo Breve análisis al Decreto Legislativo Nº 1703 que crea la Sunadep
246 ## - Variante del Titulo
Titulo Will the new Superintendency of Public Defense and Access to Justice foster the institutionalization of out-of-court conciliation in Peru?
Subtitulo A brief analysis of Legislative Decree No. 1703, establishing SUNADEP
300 ## - Páginas
Paginación páginas 193-197
520 ## - Resumen
Resumen Mediante el reciente Decreto Legislativo N° 1703 se ha creado la Superintendencia de Defensa Pública y Acceso a la Justicia (Sunadep), entidad que ahora tendrá la conducción de la conciliación extrajudicial, función que durante más de dos décadas<br/>desempeñó el Ministerio de Justicia a través de un órgano técnico especializado como<br/>lo es la Dirección de Conciliación Extrajudicial y Mecanismos Alternativos de Solución<br/>de Conflictos. Sobre el particular, el autor expresa su preocupación de que esta reorganización genere pérdida de especialización, retraso en acreditaciones de conciliadores o debilitamiento del sistema sancionador a los malos operadores de la conciliación, lo cual podría conllevar a una regresión nefasta del sistema conciliatorio en su conjunto, pues advierte que la Sunadep es, en esencia, un organismo ejecutor, no un ente especializado en regulación de medios alternativos de resolución de conflictos.<br/>
520 ## - Resumen
Resumen Through the recent Legislative Decree No. 1703, the Superintendency of Public Defense<br/>and Access to Justice (SUNADEP) has been established. This entity shall now oversee out-of-court conciliation, a function performed for over two decades by the Ministry of Justice through a specialized technical body: the Directorate of Out-of-Court Conciliation and Afternote Dispute Resolution Mechanisms. Regarding this matter, the author expresses concern that such reorganization may result in o loss of expertise, delays in the accreditation of conciliators, or the weakening of the disciplinary framework applicable to misconduct by practitioners. This could lead to a detrimental regression of the conciliation system as a whole, as the author notes that SUNADEP is essentially on executive agency rother thon a specialized body far the regulation of Alternative Dispute Resolution (ADR).<br/>
650 ## - Temas - Descriptores
Temas - Descriptores CONCILIACIÓN
9 (RLIN) 10121
650 ## - Temas - Descriptores
Temas - Descriptores MEDIOS ALTERNATIVOS DE RESOLUCIÓN DE CONFLICTOS
9 (RLIN) 52973
650 ## - Temas - Descriptores
Temas - Descriptores SUNADEP
9 (RLIN) 52974
650 ## - Temas - Descriptores
Temas - Descriptores CONCILIATION
9 (RLIN) 52975
650 ## - Temas - Descriptores
Temas - Descriptores ALTERNATIVE DISPUTE RESOLUTION
9 (RLIN) 52976
773 0# - Revista (Relacion con el numero)
Host Biblionumber 22573
Host Itemnumber 22620
Ciudad, Editorial Lima Grupo Praxis Formación Profesional, 2026-
Codigo barras item/ejemplar PRA001
Titulo de la Revista Praxis Civil & Procesal Civil
Número de control de registro ESSALUD
ISSN 3119-7671
942 ## - Elementos de Koha
Tipo de Documento Artículos
Fecha procesamiento 2026-06-30
Catalogador sqb

No hay ítems disponibles.